000
00481nam a2200157Ia 4500
008
100122s9999 xx 000 0 und d
082
_b
72114
_a
923.254
100
_a
खाडिलकर नीलकंठ
245
_a
महात्मा गांधी
250
_a
3
260
_b
नीलकंठ खाडिलकर
_c
2007
300
_a
82
630
_a
महात्मा गांधी
730
_a
महात्मा गांधी
942
_c
BOOK
999
_c
442529
_d
442526